<?xml version="1.0" encoding="UTF-8"?>
<record
    xmlns:xsi="http://www.w3.org/2001/XMLSchema-instance"
    xsi:schemaLocation="http://www.loc.gov/MARC21/slim http://www.loc.gov/standards/marcxml/schema/MARC21slim.xsd"
    xmlns="http://www.loc.gov/MARC21/slim">

  <leader>00843nam a2200229 i 4500</leader>
  <controlfield tag="001">9762</controlfield>
  <controlfield tag="003">ES-MaACL</controlfield>
  <controlfield tag="005">20250811103050.0</controlfield>
  <controlfield tag="007">t|</controlfield>
  <controlfield tag="008">940105s1989    ve           ||||1| spa d</controlfield>
  <datafield tag="080" ind1=" " ind2=" ">
    <subfield code="a">9(87 Barquisimeto)</subfield>
  </datafield>
  <datafield tag="100" ind1="1" ind2=" ">
    <subfield code="a">L&#xF3;pez P&#xE9;rez, Mar&#xED;a Victoria.</subfield>
    <subfield code="9">73888</subfield>
  </datafield>
  <datafield tag="245" ind1="1" ind2="3">
    <subfield code="a">La Memoria de la ciudad, Barquisimeto y sus alrededores, 1800-1860 /</subfield>
    <subfield code="c">Mar&#xED;a Victoria L&#xF3;pez P&#xE9;rez.</subfield>
  </datafield>
  <datafield tag="260" ind1=" " ind2=" ">
    <subfield code="a">Barquisimeto, Lara : </subfield>
    <subfield code="b">Ateneo Ciudad de Barquisimeto, </subfield>
    <subfield code="c">1989.</subfield>
  </datafield>
  <datafield tag="300" ind1=" " ind2=" ">
    <subfield code="a">55 p. ; </subfield>
    <subfield code="c">22 cm.</subfield>
  </datafield>
  <datafield tag="490" ind1="1" ind2=" ">
    <subfield code="a">Fichero Hist&#xF3;rico del Ateneo ; </subfield>
    <subfield code="v">Cuaderno n. 1</subfield>
  </datafield>
  <datafield tag="651" ind1=" " ind2="4">
    <subfield code="a">Barquisimeto (Venezuela)-</subfield>
    <subfield code="x">Historia.</subfield>
    <subfield code="9">7871</subfield>
  </datafield>
  <datafield tag="710" ind1="2" ind2=" ">
    <subfield code="a">Ateneo Ciudad de Barquisimeto (Venezuela)</subfield>
    <subfield code="9">1854</subfield>
  </datafield>
  <datafield tag="830" ind1="0" ind2="0">
    <subfield code="a">Fichero hist&#xF3;rico del Ateneo</subfield>
    <subfield code="v">Cuaderno n. 1</subfield>
    <subfield code="9">228064</subfield>
  </datafield>
  <datafield tag="852" ind1=" " ind2=" ">
    <subfield code="a">ES-MaACL</subfield>
    <subfield code="j">2148-F-19 </subfield>
    <subfield code="b">R.127978</subfield>
  </datafield>
  <datafield tag="999" ind1=" " ind2=" ">
    <subfield code="c">9762</subfield>
    <subfield code="d">9762</subfield>
  </datafield>
  <datafield tag="952" ind1=" " ind2=" ">
    <subfield code="0">0</subfield>
    <subfield code="1">0</subfield>
    <subfield code="4">0</subfield>
    <subfield code="7">0</subfield>
    <subfield code="8">Colecci&#xF3;n_de_folletos</subfield>
    <subfield code="a">ATENEOM</subfield>
    <subfield code="b">ATENEOM</subfield>
    <subfield code="c">DEPOF</subfield>
    <subfield code="d">2008-01-17</subfield>
    <subfield code="e">SC</subfield>
    <subfield code="l">0</subfield>
    <subfield code="o">2148-F-19</subfield>
    <subfield code="p">1009964</subfield>
    <subfield code="r">2023-02-23 00:00:00</subfield>
    <subfield code="w">2023-02-23</subfield>
    <subfield code="y">FOLLETOS</subfield>
  </datafield>
</record>
